00323nam a2200145Ia 4500100002100000650002400021250000600045366000900051654001400060245003100074260004400105082000800149300000800157546001200165 aRoy choudhury D  aIntegrated Circuits a3 f17.5 amechanics aLinear Integrated Circuits bNew Age Int (P) LtdaNew Delhic2007 bROY a384 aENGLISH